000 01502njm a22003137a 4500
005 20100921144851.0
007 sd ammalaaahaa
008 100904t xxu||||| |||| 00| 0 hin d
028 _aSFLP. 1256
_bSUPER
028 _aSFLP. 1256
_bSUPER
028 _aSFLP. 1256
_bSUPER
035 _aGR-04414
040 _aSED/VEN
100 _aKishore Kumar
_91184
245 _aZalzala (Part-1)
_bHindi Film /
_cby Kishore Kumar & Kavita Krishnamurthy; Music by R.D. Burman; Lyric by Indivar
_h[Sound Recording] :
246 _aजलजला (किशोर कुमार और कविता कृष्णमूर्ति)
260 _aDum Dum, India :
_bSUPER
_cP-1988
300 _a1 sound disc [Gramophone Recording] :
_banalog, 33 1/3 rpm ;
_c12 in. [LP]
_fGramophone Records
500 _aBrief Records
500 _aRecord Labels: SUPER, Red
505 _aगीत साइड-1; अरे चाकू चले (जलजला) (किशोर कुमार और कविता कृष्णमूर्ति), गीत साइड-2;,दिल है कब किसपे (आशा भोसले और कोरस) (भाग-2)
600 _aKishore Kumar
_920951
650 _aClassical Music
_xExcerpts
_zIndia
_918309
700 _918319
_aBhosle, Asha
700 _918320
_aKrishnamurthy, Kavita
700 _aChorus
_920975
942 _2ddc
_cGR
999 _c47298
_d47298